Constructing social theories
Αποθηκεύτηκε σε:
| Κύριος συγγραφέας: | |
|---|---|
| Άλλοι συγγραφείς: | |
| Μορφή: | Βιβλίο |
| Γλώσσα: | English |
| Δημοσίευση: |
New York :
Harcourt,
1968
|
| Θέματα: | |
| Ετικέτες: |
Προσθήκη ετικέτας
Δεν υπάρχουν, Καταχωρήστε ετικέτα πρώτοι!
|
MARC
| LEADER | 00000nam a2200000 i 4500 | ||
|---|---|---|---|
| 001 | 1/77240 | ||
| 008 | 961217s1968 eng d | ||
| 035 | |l 10004222 | ||
| 040 | |a GR-MY-UA |b gre |e aacr | ||
| 041 | 0 | |a eng | |
| 082 | 0 | |a 300.1 | |
| 100 | 1 | |a Stinchcombe, Arthur L. | |
| 245 | 1 | 0 | |a Constructing social theories / |c Arthur L. Stinchombe ; Under the general editorship of Robert K. Merton |
| 260 | |a New York : |b Harcourt, |c 1968 | ||
| 300 | |a 303 p. | ||
| 650 | 0 | 0 | |a Social sciences |x Philosophy. |
| 650 | 0 | 0 | |a Social sciences |x Methodology. |
| 700 | 1 | |4 edt |a Merton, Robert King |d 1910-2003. | |
| 852 | |a INST |b LESVOS |e 19961217 |h 300.1 STI |p 005100008753 |q 005100008753 |t BK |y 0 | ||
| 909 | |a Λ |b 005250 | ||